|
|
|
|
| LEADER |
00000nam a2200000Ia 4500 |
| 008 |
180702b1986 cr ||||| |||| 00| | spa d |
| 999 |
|
|
|c 1962
|d 1962
|
| 090 |
|
|
|a 06.05.02
|b 8
|
| 100 |
|
|
|a González Ramírez, Ana María
|9 3835
|
| 245 |
1 |
0 |
|a Diagnóstico evaluativo de la enseñanza de los Estudios Sociales en la educación general básica y educación diversificada : rendimiento académico /
|c Ana María González Ramírez, Juan Manuel Esquivel Alfaro
|
| 260 |
|
|
|a San José, Costa Rica :
|b IIMEC,
|c 1986
|
| 300 |
|
|
|a 62 páginas
|
| 500 |
|
|
|a Informe Final, Proyecto de Investigación N° 724-83-094
|
| 520 |
|
|
|a Este informe señala que el rendimiento académico, para el año en que se efectuó la investigación, era bajo en todas las regiones escolares del país, especialmente, las regiones Atlántica y Brunca. Además, se encontró que las escuelas más pequeñas y de áreas rurales, son las que tienen el más bajo rendimiento. Se recomienda una revisión general de las estrategias empleadas para administrar los contenidos y una capacitación y actualización de los docentes.
|
| 650 |
1 |
4 |
|a ENSEÑANZA
|9 14
|
| 650 |
1 |
4 |
|a ESTUDIOS SOCIALES
|9 675
|
| 650 |
1 |
4 |
|a EVALUACIÓN DE LA EDUCACIÓN
|9 308
|
| 650 |
1 |
4 |
|a EDUCACIÓN PRIMARIA
|9 367
|
| 650 |
1 |
4 |
|a EDUCACIÓN SECUNDARIA
|9 456
|
| 650 |
1 |
4 |
|a DATOS ESTADÍSTICOS
|9 452
|
| 700 |
1 |
|
|a Esquivel Alfaro, Juan Manuel
|9 157
|
| 942 |
|
|
|i 00263 ,00264
|h 06.05.02 8
|2 z
|c 04
|